50 [i.e. Cincuenta] encuentros de música y danza indígena (Record no. 10299)

MARC details
000 -CABECERA
campo de control de longitud fija 00951nam a2200217 a 4500
001 - NÚMERO DE CONTROL
campo de control BRL_1489
005 - FECHA Y HORA DE LA ÚLTIMA TRANSACCIÓN
campo de control 20190320211231.0
008 - DATOS DE LONGITUD FIJA--INFORMACIÓN GENERAL
campo de control de longitud fija 270114c1982----mx-a######---#000-0#spa-#
041 ## - CÓDIGO DE LENGUA
Código de lengua del texto/banda sonora o título independiente spa
044 ## - CÓDIGO DEL PAÍS DE LA ENTIDAD EDITORA/PRODUCTORA
Código MARC del país mx
050 #4 - SIGNATURA TOPOGRÁFICA DE LA BIBLIOTECA DEL CONGRESO
Número de clasificación ML3570
Número de documento/Ítem .C56 1982
245 10 - MENCIÓN DE TÍTULO
Título 50 [i.e. Cincuenta] encuentros de música y danza indígena
Mención de responsabilidad, etc. textos etnomusicologicos y prod. Archivo Etnográfico Audio-Visual del Instituto Nacional Indigenista ; textos etnográficos, departamento de Investigaciones Antropológicas y Organización Social ; diseño Troje Taller.
260 ## - PUBLICACIÓN, DISTRIBUCIÓN, ETC.
Lugar de publicación, distribución, etc. [México]
Nombre del editor, distribuidor, etc. FONAPAS : INI
Fecha de publicación, distribución, etc. 198-?
300 ## - DESCRIPCIÓN FÍSICA
Extensión 1 v. (sin paginación)
Otras características físicas il. (algunas a color)
Dimensiones 21 cm.
500 ## - NOTA GENERAL
Nota general Au1257
650 14 - PUNTO DE ACCESO ADICIONAL DE MATERIA--TÉRMINO DE MATERIA
Término de materia o nombre geográfico como elemento de entrada Danza indígena
Subdivisión geográfica México
9 (RLIN) 27046
650 14 - PUNTO DE ACCESO ADICIONAL DE MATERIA--TÉRMINO DE MATERIA
Término de materia o nombre geográfico como elemento de entrada Indígenas de México
Subdivisión general Música
9 (RLIN) 27077
710 2# - PUNTO DE ACCESO ADICIONAL--NOMBRE DE ENTIDAD CORPORATIVA
Nombre de entidad corporativa o nombre de jurisdicción como elemento de entrada Instituto Nacional Indigenista
Unidad subordinada Departamento de Investigaciones Antropológicas y Organización Social (México)
9 (RLIN) 27078
902 ## - CATALOGADOR
Iniciales GRL
942 ## - ELEMENTOS DE PUNTO DE ACCESO ADICIONAL (KOHA)
Fuente del sistema de clasificación o colocación Library of Congress Classification
Tipo de ítem Koha Libros
Holdings
Estado de retiro Estado de pérdida Estado dañado No para préstamo Localización permanente Ubicación/localización actual Fecha de adquisición Número de inventario Total de préstamos Signatura topográfica completa Código de barras Fecha visto por última vez Precio válido a partir de Tipo de ítem Koha
El ejemplar forma parte de la colección y puede ser consultado según las políticas vigentes.       Biblioteca Centro de Estudios Ruth D. Lechuga Biblioteca Centro de Estudios Ruth D. Lechuga 27/01/2014 Au1257   ML3570 .C56 1982 (Au1257) GRL02171 22/03/2019 22/03/2019 Libros